Extra finance for farming and horticulture (Record no. 69991)

MARC details
000 -LEADER
fixed length control field 01031cam a2200217 4500
001 - CONTROL NUMBER
control field WB3814-24
008 - FIXED-LENGTH DATA ELEMENTS--GENERAL INFORMATION
fixed length control field 020416n2002 000 0 eng u
035 ## - SYSTEM CONTROL NUMBER
System control number (Sirsi) u117519
245 ## - TITLE STATEMENT
Title Extra finance for farming and horticulture
260 ## - PUBLICATION, DISTRIBUTION, ETC.
Date of publication, distribution, etc. 2002
490 ## - SERIES STATEMENT
Series statement DEFRA News Release
Volume/sequential designation (134/02) 10 April 2002, (1)
520 ## - SUMMARY, ETC.
Summary, etc. DEFRA publishes proposals for a Agricultural Development Scheme which would support certain projects that address priorities already identified in the report, 'The Future of Food and Farming'. This should offer farmers and growers up to £5m for improvements in competitiveness through better marketing. For DEFRA news release: http://www.defra.gov.uk/news/2002/020410c.htm. For the consultation document: http://www.defra.gov.uk/corporate/consult/adscheme/index.htm
590 ## - LOCAL NOTE (RLIN)
Local note WB
650 ## - SUBJECT ADDED ENTRY--TOPICAL TERM
Topical term or geographic name entry element FARMING
650 ## - SUBJECT ADDED ENTRY--TOPICAL TERM
Topical term or geographic name entry element HORTICULTURE
650 ## - SUBJECT ADDED ENTRY--TOPICAL TERM
Topical term or geographic name entry element COMPETITIVENESS
650 ## - SUBJECT ADDED ENTRY--TOPICAL TERM
Topical term or geographic name entry element MARKETING
650 ## - SUBJECT ADDED ENTRY--TOPICAL TERM
Topical term or geographic name entry element AGRICULTURE DEVELOPMENT SCHEME
690 ## - LOCAL SUBJECT ADDED ENTRY--TOPICAL TERM (OCLC, RLIN)
Topical term or geographic name as entry element RURAL-AGRICULTURE AND FORESTRY
942 ## - ADDED ENTRY ELEMENTS (KOHA)
Suppress in OPAC 0
Holdings
Withdrawn status Lost status Source of classification or shelving scheme Damaged status Not for loan Home library Current library Shelving location Date acquired Total Checkouts Full call number Barcode Date last seen Copy number Price effective from Koha item type
    Dewey Decimal Classification     London London News article 16/04/2002   WB3814-24 117519-1001 06/08/2019 1 06/08/2019 News article